| 000 | 00456nam a2200121Ia 4500 | ||
|---|---|---|---|
| 008 | 160712s9999 xx 000 0 und d | ||
| 100 | _aDy-Liacco, Rafael. | ||
| 245 |
_cRafael Dy-Liacco _aComets, Cults, and Coins: A material-theoretic framework for the archaeoastronomical study of the Book of Revelation |
||
| 260 |
_c2012 _bHukay |
||
| 300 | _avol. 17 | ||
| 650 | _xARCHAEOLOGY | ||
| 856 | _uhttp://journals.upd.edu.ph/index.php/asp/issue/view/422/showToc | ||
| 999 |
_c297388 _d297388 |
||